000 00744nam a2200181Ia 4500
008 090630s9999 xx 000 0 und d
082 _b27253
100 _aमहाजन भास्कर.
245 _aमेवाडचा सिंह महाराणा प्रताप.
_cमहाजन भास्कर.
260 _bसाक्षी - जळगाव.
_c2002
300 _a527
600 _aमहाजन भास्कर.
630 _aमेवाडचा सिंह महाराणा प्रताप.
655 _aकादंबरी.
700 _aमहाजन भास्कर.
730 _aमेवाडचा सिंह महाराणा प्रताप.
942 _cBOOK
999 _c279109
_d279109